000
00272nam a22001217a 4500
008
170419b xxu||||| |||| 00| 0 eng d
041
_a
eng
080
_a
573
100
_a
11
101
_a
SHM
245
_a
HAQNDBOOK BIOLOGICAL CONTROL
_c
BELLOWS.TH.
942
_2
udc
_c
BK
999
_c
11250
_d
11250